[Event "MetroWest CC Forward March op"]
[Site "Natick"]
[Date "1999.03.09"]
[Round "2"]
[White "Scott, Samuel"]
[Black "Curdo, John"]
[Result "1-0"]
[WhiteElo "1983"]
[BlackElo "2412"]
[PlyCount "73"]
[EventDate "1999.??.??"]
[EventType "swiss"]
[EventRounds "5"]
[EventCountry "USA"]
[SourceTitle "EXT 2005"]
[Source "ChessBase"]
[SourceDate "2004.11.15"]
[SourceVersion "1"]
[SourceVersionDate "2004.11.15"]
[SourceQuality "1"]

1. c4 f5 2. Nc3 Nf6 3. Nf3 d6 4. d3 e5 5. e4 Be7 6. h3 0-0 7. Qb3 Na6 8. Be3 b6 9. Be2 Nc5 10. Bxc5 bxc5 11. 0-0-0 Bd7 12. Nh2 c6 13. exf5 Bxf5 14. g4 Be6 15. Bf3 Qc7 16. Rhe1 Rab8 17. Qc2 Rb4 18. g5 Nd7 19. Rg1 Bxh3 20. Rg3 Bf5 21. Ne4 Rb7 22. Rh1 Qa5 23. b3 Nb6 24. Bg4 d5 25. Nf6+ Rxf6 26. gxf6 Bxf6 27. Bxf5 e4 28. Ng4 Bg5+ 29. Kd1 Na4 30. dxe4 dxe4 31. Bxh7+ Kf8 32. Bf5 g6 33. Be6 Re7 34. Rh8+ Kg7 35. Rgh3 Nc3+ 36. Qxc3+ Qxc3 37. R3h7# 1-0

[Event "MetroWest CC-08"]
[Site "Natick"]
[Date "1998.08.04"]
[Round "1"]
[White "Foygel, Igor"]
[Black "Scott, Samuel"]
[Result "1-0"]
[WhiteElo "2450"]
[BlackElo "1932"]
[PlyCount "43"]
[EventDate "1998.08.??"]
[EventType "swiss"]
[EventRounds "5"]
[EventCountry "USA"]
[SourceTitle "EXT 2005"]
[Source "ChessBase"]
[SourceDate "2004.11.15"]
[SourceVersion "1"]
[SourceVersionDate "2004.11.15"]
[SourceQuality "1"]

1. e4 c5 2. Nf3 Nf6 3. e5 Nd5 4. Nc3 Nc7 5. d4 cxd4 6. Qxd4 Nc6 7. Qh4 e6 8. Bg5 Be7 9. Ne4 d5 10. exd6 Bxg5 11. Nfxg5 Nd5 12. 0-0-0 Bd7 13. Bc4 Ncb4 14. Qh5 g6 15. Qh6 Qa5 16. Bxd5 Nxd5 17. Rxd5 Qxa2 18. Nf6+ Kd8 19. Nxf7+ Kc8 20. Nxh8 b6 21. Qg7 Qa4 22. Rd4 1-0